Comentarios a la Ley de Seguridad Social / (Record no. 132107)
[ view plain ]
| 000 -LEADER | |
|---|---|
| campo de control de longitud fija | 01076nam a2200205 4500 |
| 001 - NÚMERO DE CONTROL | |
| campo de control | 132107 |
| 003 - IDENTIFICADOR DE NÚMERO DE CONTROL | |
| campo de control | ES-MaACL |
| 007 - CAMPO FIJO DE DESCRIPCIÓN FÍSICA--INFORMACIÓN GENERAL | |
| campo de control de longitud fija | t| |
| 008 - DATOS DE LONGITUD FIJA--INFORMACIÓN GENERAL | |
| campo de control de longitud fija | 070214s1983 sp r ||||1| spa d |
| 100 1# - ENTRADA PRINCIPAL--NOMBRE DE PERSONA | |
| Nombre de persona | Rodríguez Santos, Baltasar. |
| 9 (RLIN) | 98811 |
| 245 10 - MENCIÓN DEL TÍTULO | |
| Título | Comentarios a la Ley de Seguridad Social / |
| Mención de responsabilidad, etc. | Baltasar Rodríguez Santos. |
| 250 ## - MENCION DE EDICION | |
| Mención de edición | 3ª ed. act. |
| 260 ## - PUBLICACIÓN, DISTRIBUCIÓN, ETC. | |
| Lugar de publicación, distribución, etc. | Valladolid : |
| Nombre del editor, distribuidor, etc. | Lex Nova, |
| Fecha de publicación, distribución, etc. | 1983. |
| 300 ## - DESCRIPCIÓN FÍSICA | |
| Extensión | 3 v. ; |
| Dimensiones | 25 cm. |
| 505 8# - NOTA DE CONTENIDO CON FORMATO | |
| Nota de contenido con formato | Contiene: t. I: Gestión de la Seguridad Social : (entidades gestoras, afiliación, cotización y recaudación) ---- t. II: Accidentes de trabajo : (accidentes de trabajo, invalidez, muerte, pensiones y revisión). - Contiene además addenda suelta ---- t. III: Prestaciones : enfermedad profesional |
| 740 0# - ENTRADA AGREGADA--TÍTULO RELACIONADO/ANALÍTICO NO CONTROLADO | |
| Título relacionado o analítico no controlado | Gestión de la Seguridad Social : (entidades gestoras, afiliación, cotización y recaudación) |
| 740 0# - ENTRADA AGREGADA--TÍTULO RELACIONADO/ANALÍTICO NO CONTROLADO | |
| Título relacionado o analítico no controlado | Accidentes de trabajo : (accidentes de trabajo, invalidez, muerte, pensiones y revisión). - Contiene además addenda suelta. |
| 740 0# - ENTRADA AGREGADA--TÍTULO RELACIONADO/ANALÍTICO NO CONTROLADO | |
| Título relacionado o analítico no controlado | Prestaciones : enfermedad profesional. |
| 852 ## - LOCALIZACIÓN | |
| Ubicación | ES-MaACL |
| Número de control de estantería | L-9786-8 |
| Estatus retirado | Estado de pérdida | Estado de daño | No para préstamo | Biblioteca de origen | Biblioteca actual | Ubicación en estantería | Fecha de adquisición | Fuente de adquisición | Total de préstamos | Signatura topográfica completa | Código de barras | Visto por última vez | Precio de reemplazo | Tipo de ítem Koha |
|---|---|---|---|---|---|---|---|---|---|---|---|---|---|---|
| Biblioteca del Ateneo de Madrid | Biblioteca del Ateneo de Madrid | Depósito 2 | 17/01/2008 | L-9786-8 | 1137539 | 23/02/2023 | 23/02/2023 | Libro impreso |
